000 00242nam a2200097Ia 4500
008 120527s9999 xx 000 0 und d
100 _aGURAM and RENZETTI
245 _aSocial Problems Society in crisis
260 _bAly and Bacon
942 _cBK
999 _c25461
_d25461